| 000 | 01003nam a22002897a 4500 | ||
|---|---|---|---|
| 003 | DO-SdBPM | ||
| 005 | 20250210114606.0 | ||
| 008 | 170117b 2007 xx |||| 00| 0 spa d | ||
| 020 | _a9780064431781 | ||
| 040 |
_aDO-SdBPM _bspa _cBPMSU |
||
| 082 | 4 |
_a813.5 _bS474d 2007 _222 |
|
| 100 | 1 |
_aSendak , Maurice _d1928-2012 |
|
| 240 | 1 | 0 |
_aWhere the wild things are. _lEspañol |
| 245 | 1 | 0 |
_aDonde viven los monstruos / _ctexto e ilustraciones de Maurice Sendak ; traducción de Teresa Mlawer. |
| 260 |
_aBuenos Aires : _bSantillana , _c2007. |
||
| 300 |
_a[21] p. : _bil. ; _c23 cm. |
||
| 490 | 0 | _aHarper Arco Iris | |
| 586 | _aGanador de la Medalla Caldecott | ||
| 590 | _aInventariado, 2025/VM | ||
| 650 | 4 | _aCuentos infantiles estadounidenses | |
| 650 | 4 |
_aMonstruos _vCuentos infantiles |
|
| 650 | 4 | _aLibros ilustrados para niños | |
| 700 | 1 |
_aSendak, Maurice, _eilustración |
|
| 700 | 1 |
_aMlawer, Teresa, _etraductor |
|
| 910 | _aVMateo V. Control de calidad. BPMSU | ||
| 942 |
_2ddc _cBK |
||
| 999 |
_c13316 _d13316 |
||